00830 2200277 4500001002100000005001500021035002000036007000300056008004100059020001800100040002200118082001500140084001700155100003500172245006400207250003400271300005300305650002000358700003300378850001200411264003500423336002100458337003000479338002300509990002000532INLIS00000000086404920210824114422 a0010-0821000748ta210824s2001 xx a g ind d a0-446-67748-5 aYOPDYOGbinderda04223a372.21 a372.21 KIY r1 aKiyosaki, Robert T.epengarang10aRich kid smart kid /cRobert T. Kiyosaki, Sharon L. Lechter aCetakan pertama, Januari 2001 axviii, 264 halaman :bilustrasi, gambar ;c23 cm 4aPendidikan anak1 aSharon L. Lechterepengarang aYOPDYOG31aAmerica :bWarner Books,c2001 2rdacontentateks 2rdamediaatanpa perantara 2rdacarrieravolume a67757-PD/A.2021